Amami no densetsu /
Saved in:
| Main Author: | |
|---|---|
| Other Authors: | , |
| Format: | Book |
| Language: | Japanese |
| Published: |
Tōkyō :
Kadokawa Shoten,
Shōwa 52 [1977]
|
| Edition: | Shohan. |
| Series: | Nihon no densetsu ;
23. |
| Subjects: | |
| Tags: |
Add Tag
No Tags, Be the first to tag this record!
|
| LEADER | 01414nam a2200397 a 4500 | ||
|---|---|---|---|
| 001 | 007717005-9 | ||
| 005 | 20024617121422.0 | ||
| 008 | 950125s1977 ja abf 000 0 jpn | ||
| 010 | |a 78800890 /J | ||
| 015 | |a Ja77-24836 | ||
| 020 | |c Y980 | ||
| 035 | 0 | |a ocm31983856 | |
| 040 | |a DLC |c *CGU* |d *YNH* |d CStRLIN | ||
| 043 | |a a-ja--- | ||
| 050 | 0 | |a GR341.A55 |b S56 | |
| 100 | 1 | |6 880-01 |a Shimao, Toshio, |d 1917-1986. | |
| 245 | 1 | 0 | |6 880-02 |a Amami no densetsu / |c Shimao Toshio, Shimao Miho, Tabata Hidekatsu. |
| 250 | |6 880-03 |a Shohan. | ||
| 260 | |6 880-04 |a Tōkyō : |b Kadokawa Shoten, |c Shōwa 52 [1977] | ||
| 300 | |a 286 p., [1] leaf of plates : |b ill., fold. col. map ; |c 19 cm. | ||
| 490 | 1 | |6 880-05 |a Nihon no densetsu ; |v 23 | |
| 650 | 0 | |a Legends |z Japan |z Amami Islands. | |
| 651 | 0 | |a Amami Islands (Japan) |x Description and travel. | |
| 700 | 1 | |6 880-06 |a Shimao, Miho, |d 1919- | |
| 700 | 1 | |6 880-07 |a Tabata, Hidekatsu, |d 1916- | |
| 880 | 1 | |6 100-01 |a 島尾敏雄, |d 1917- | |
| 880 | 1 | 0 | |6 245-02 |a 奄美の伝說 / |c 島尾敏雄, 島尾ミホ, 田畑英勝. |
| 880 | |6 250-03 |a 初版. | ||
| 880 | |6 260-04 |a 東京 : |b 角川書店, |c 昭和 52 [1977] | ||
| 880 | 1 | |6 490-05 |a 日本の伝說 ; |v 23 | |
| 880 | 1 | |6 700-06 |a 島尾ミホ, |d 1919- | |
| 880 | 1 | |6 700-07 |a 田畑英勝, |d 1916- | |
| 830 | 0 | |6 880-55 |a Nihon no densetsu ; |v 23. | |
| 880 | 0 | |6 830-55 |a 日本の伝說 ; |v 23. | |
| 988 | |a 20021219 | ||
| 906 | |0 DLC | ||


